| 000 | 00535nam a22002057a 4500 | ||
|---|---|---|---|
| 008 | 151013b xxu||||| |||| 00| 0 eng d | ||
| 020 | _a9780136070627 | ||
| 020 | _a0136070620 | ||
| 041 | 0 | _aeng | |
| 080 | _a336 | ||
| 100 | 1 | _aKeown, Arthur J. | |
| 245 | 1 | 0 |
_aPersonal finance : _cArthur J. Keown. |
| 250 | _a5th ed. | ||
| 260 |
_aBoston : _bPearson, _c2010. |
||
| 300 |
_axxviii, 626 f. : _bme il.; _c28 cm. |
||
| 650 | 0 | _aFinanca | |
| 650 | 0 | _aPersonale | |
| 650 | 0 | _aInvestimet | |
| 942 |
_2udc _cBK |
||
| 999 |
_c1273 _d1273 |
||